Catálogo

PRAZSKY HRAD= IIPAKCKII I PAII= DIE PRAGER BURG= THE CASTLE OF PRAGUE. (Registro nro. 59153)

Detalles MARC
000 -LEADER
fixed length control field 00485nam a2200157 a 4500
001 - CONTROL NUMBER
control field 59153
005 - DATE AND TIME OF LATEST TRANSACTION
control field 20180714060030.0
008 - FIXED-LENGTH DATA ELEMENTS--GENERAL INFORMATION
fixed length control field 140415s1970 cs 000 0 spa d
041 ## - LANGUAGE CODE
Language code of text/sound track or separate title spa
100 1# - MAIN ENTRY--PERSONAL NAME
Personal name EINHORN, ERICH
245 10 - TITLE STATEMENT
Title PRAZSKY HRAD= IIPAKCKII I PAII= DIE PRAGER BURG= THE CASTLE OF PRAGUE.
250 ## - EDITION STATEMENT
Edition statement 1a ed.
260 ## - PUBLICATION, DISTRIBUTION, ETC.
Place of publication, distribution, etc. CHECOSLOVAKIA :
Name of publisher, distributor, etc. PRESSFOTO PRAHA,
Date of publication, distribution, etc. 1970.
650 14 - SUBJECT ADDED ENTRY--TOPICAL TERM
Topical term or geographic name entry element EDIFICIOS, ESTRUCTURAS, CASTILLOS
700 1# - ADDED ENTRY--PERSONAL NAME
Personal name CERNY, BLAHOSLAV
Relator term coaut.
Existencias
Withdrawn status Lost status Source of classification or shelving scheme Damaged status Not for loan Collection code Home library Current library Shelving location Date acquired Source of acquisition Total Checkouts Full call number Barcode Price effective from Koha item type
    Dewey Decimal Classification   En catalogación General Biblioteca Karol Wojtyla Biblioteca Karol Wojtyla Procesos técnicos 03/12/2013 Compra   NULL 89467 12/07/2018 Libro